1836 1085 1606 1833 1342 1406 1836 1918 1523 1749 1353 1640 1511 1147 1481 1132 1415 1668 1674 1488 1699 1640 1981 1189 1665 1188 1461 1793 1624 1785 1370 1423 1134 1807 1592 1824 1189 1825 1020 1674 1952 1703 1691 1384 1436 1420 1085 1592 1934 1028 1694 1816 1316 1052 1654 1021 1590 1017 1220 1595 1571 1463 1858 1877 1453 1316 1758 1029 1772 1411 1810 1029 1156 1679 1449 1032 1288 1677 1550 1937 1459 1149 1384 1291 1261 1581 1134 1469 1657 1667 1422 1125 1195 1857 1355 1747 1046 1031 1075 BCNSPRNW ULIB Ver.6.0+V

เปลี่ยนเป็นภาษาไทย

Change to English
 แสดงรายละเอียดบรรณานุกรม
  กลับหน้าหลัก

Brief Record : Get Marc (ISO 2709) : E-mail record : QR code < ปิดหน้าต่าง
LEADER : 00000nam 2200000uu 4500
001    13399115034
003     ULIB
008    120704s2551||||th 000 0 tha d
020    ^a9789741374724
050  4 ^aAC158^bด961ว 2551
100 1  ^aกีซอง,โด
245 10 ^aวิทยาศาสตร์ฉลาดรู้ เรื่อง ชีวิตสัตว์ /^cโดกีซอง, เขียน ;วิภาพร พูลสวัสดิ์, แปล
250    ^aพิมพ์ครั้งที่ 5
260    ^aกรุงเทพฯ :^bอัมรินทร์คอมมิกส์,^c2551
300    ^a195 หน้า :^bภาพประกอบ ;^c21 ซม.
650  7 ^aการ์ตูน
650  7 ^aสัตว์^xวรรณกรรมสำหรับเด็ก
650  7 ^aวรรณกรรมเกาหลี
650  7 ^aวรรณกรรมสำหรับเด็ก
700 0  ^aวิภาพร พูลสวัสดิ์,^eผู้แปล
945    ^p199^l0^i15236
995    ^aเกษร
999    ^aใช้งานได้ทุกระบบ
รายการนี้ยังไม่มีแท็ก
คุณยังไม่ได้ล็อกอิน คุณสามารถมีกิจกรรมร่วมกับเว็บไซต์ได้ แต่ต้องล็อกอินก่อน ::
  ล็อกอิน

รายการสื่อสารสนเทศ

ลำดับที่ ประเภท เลขเรียก/บาร์โค้ด สถานที่ สถานะ
- ไม่พบข้อมูล -

รายการใกล้เคียง
    ผู้แต่ง [กีซอง,โด]

    หัวเรื่อง [การ์ตูน]
    หัวเรื่อง [วรรณกรรมเกาหลี]
    หัวเรื่อง [วรรณกรรมสำหรับเด็ก]

BibComment


ยังไม่เคยถูกคอมเมนท์

คอมเมนท์ทรัพยากรรายการนี้
  คอมเมนท์: วิทยาศาสตร์ฉลาดร..


 Copyright 2026. Bcnsprnw @Library